The archaeological review.

Bibliographic Details
Format: Microform Journal
Language:English
Published: London : David Nutt.
Subjects:

MARC

Tag First Indicator Second Indicator Subfields
LEADER 00000cas a2200000 4500
001 in00000395921
005 20151011112105.0
007 hd af----b---
008 801204d18881890enkuu p a 0 0eng d
035 |a (OCoLC)06999434 
035 |9 ABR8031AM 
040 |a IUL  |c IUL  |d TXA  |d UtOrBLW 
043 |a e-uk--- 
049 |a TXAI 
090 |a DA20  |b .A66 
245 0 4 |a The archaeological review. 
264 1 |a London :  |b David Nutt. 
300 |a 4 volumes :  |b illustrations ;  |c 26 cm. 
336 |a text  |b txt  |2 rdacontent 
337 |a microform  |b h  |2 rdamedia 
338 |a microfilm reel  |b hd  |2 rdacarrier 
362 0 |a v. 1-4; Mar. 1888-Jan. 1890. 
500 |a "A journal of historic and prehistoric antiquities." 
533 |a Microfilms.  |b Ann Arbor, Mich.,  |c University Microfilms International  |e 1 microfilm reel. 35 mm. 
500 |a Microform. 
650 0 |a Archaeology  |v Periodicals. 
651 0 |a Great Britain  |x Antiquities  |v Periodicals. 
776 1 |c Original  |w (DLC) 09002903 
999 |a MARS 
999 f f |s 99f56812-5d71-32f2-901b-feb7c1802061  |i 92828e8a-025e-3e5e-ab64-f2ddbcdf6337  |t 0 
952 f f |p serial  |a Texas A&M University  |b College Station  |c Sterling C. Evans Library  |d Evans: Microforms Film (3rd floor)  |t 0  |e DA20 .A66  |h Library of Congress classification  |i microform -- microfilm reel  |k v.1/4  |l 1888/1890  |m A14836363077 
998 f f |a DA20 .A66  |s v.1-4 (1888-1890)  |t 0  |l Evans: Microforms Film (3rd floor)